| 000 | 00597nam a2200217 4500 | ||
|---|---|---|---|
| 003 | OSt | ||
| 005 | 20260601193403.0 | ||
| 008 | 260505b2000 enka|||| |||| 00| 0 eng d | ||
| 040 |
_aICI _bspa _cICI |
||
| 041 | _aeng | ||
| 050 |
_aNK1390 _bS67 2000 |
||
| 100 | 1 |
_aScott, Alexis, _eautor _935187 |
|
| 245 | 1 |
_aThe WorkBook Directory _cAlexi Scott |
|
| 264 |
_bEngland : _bScott & Daughters Publishing _c2000 |
||
| 300 | _avolumen | ||
| 336 |
_atexto _2rdacontent |
||
| 337 |
_asin medio _2rdamedia |
||
| 338 |
_avolumen _2rdacarrier |
||
| 700 |
_aScott, Alexis, _eautor _935187 |
||
| 942 |
_2lcc _cB _n1 |
||
| 999 |
_c21040 _d21040 |
||